000 00652nam a2200181Ia 4500
008 151202s9999||||xx |||||||||||||| ||und||
082 _bPNVM-81193
100 _aकोलारकर शरद.
245 _aज्ञात अज्ञात नेपोलियन.
260 _b"विजय प्रकाशन,नागपूर."
260 _c2012
300 _a440
600 _aकोलारकर शरद.
630 _aज्ञात अज्ञात नेपोलियन.
700 _aकोलारकर शरद.
730 _aज्ञात अज्ञात नेपोलियन.
942 _cBOOK
999 _c1345801
_d1345798